000 00310nam a22001337a 4500
008 171030b xxu||||| |||| 00| 0 eng d
020 _a9780321014559
041 _aeng
080 _a336
100 _a57
101 _aFIN
245 _aCORPORATE FINANCE PRINCIPLES AND PRACTICE
_cEMERY,G.W
942 _2udc
_cBK
999 _c36435
_d36435